[Event "CRI-chT"]
[Site "San Jose"]
[Date "2024.06.09"]
[Round "6.2"]
[White "Meza Vega, Jose Antonio"]
[Black "Bonilla Mora, Luis Daniel"]
[Result "1-0"]
[WhiteElo "1785"]
[BlackElo "1865"]
[PlyCount "117"]
[EventDate "2024.04.28"]
[EventType "team-swiss"]
[EventRounds "7"]
[EventCountry "CRI"]
[SourceTitle "EXT 2025"]
[Source "ChessBase"]
[SourceDate "2024.10.14"]
[SourceVersion "1"]
[SourceVersionDate "2024.10.14"]
[SourceQuality "1"]
[WhiteTeam "Puro Ajedrez"]
[BlackTeam "Bazinga"]
[WhiteTeamCountry "CRI"]
[BlackTeamCountry "CRI"]

1. d4 Nf6 2. c4 c5 3. Nf3 cxd4 4. Nxd4 Nc6 5. Nc3 Nxd4 6. Qxd4 g6 7. e4 d6 8. Bg5 Bg7 9. Nd5 0-0 10. Bxf6 exf6 11. Qd2 f5 12. exf5 Bxf5 13. Be2 Re8 14. 0-0 Re4 15. Rad1 Qh4 16. g3 Qh3 17. Nf4 Qh6 18. b3 Be5 19. Nd5 Qh3 20. Ne7+ Kh8 21. Nxf5 gxf5 22. f4 Rg8 23. Bd3 Bd4+ 24. Kh1 Be3 25. Qb2+ Bd4 26. Qg2 Qxg2+ 27. Kxg2 Re3 28. Bxf5 Re2+ 29. Kh3 Bc5 30. Bb1 Rge8 31. Rd5 h6 32. Rfd1 Rb2 33. Rh5 Kg7 34. Kg4 Ree2 35. h3 Rg2 36. Be4 Rgd2 37. Rxd2 Rxd2 38. Bxb7 Rxa2 39. Rd5 Rb2 40. Rd3 a5 41. Bc6 Re2 42. Kf3 Rf2+ 43. Ke4 Kf6 44. g4 Re2+ 45. Kf3 Rf2+ 46. Kg3 Re2 47. Kh4 Re3 48. g5+ hxg5+ 49. fxg5+ Kg6 50. Rd1 Rxb3 51. Rf1 Bd4 52. Be8 Kg7 53. Rxf7+ Kg8 54. Rf5 Bc5 55. Kg4 Rb4 56. Kh5 a4 57. Kg6 a3 58. Bc6 a2 59. Bd5+ 1-0

[Event "American Continental 18th"]
[Site "Medellin"]
[Date "2024.06.02"]
[Round "11"]
[White "Bonilla Mora, Luis Daniel"]
[Black "Aristizabal Soto, Diego Fernando"]
[Result "1/2-1/2"]
[WhiteElo "1865"]
[BlackElo "1680"]
[PlyCount "82"]
[EventDate "2024.05.24"]
[EventType "swiss"]
[EventRounds "11"]
[EventCountry "COL"]
[SourceTitle "CBM 220 Extra"]
[Source "ChessBase"]
[SourceDate "2024.07.31"]
[SourceVersion "1"]
[SourceVersionDate "2024.07.31"]
[SourceQuality "1"]

1. d4 d5 2. Nf3 Nf6 3. e3 e6 4. Bd3 c5 5. c3 Nc6 6. 0-0 Bd6 7. Nbd2 0-0 8. Qe2 h6 9. e4 dxe4 10. Nxe4 cxd4 11. Nxd4 Ne5 12. Nxd6 Nxd3 13. Nxc8 Nxc1 14. Raxc1 Rxc8 15. Rcd1 Qb6 16. Qb5 Qxb5 17. Nxb5 a6 18. Nd6 Rc7 19. Rfe1 Rd8 20. Ne4 Nd5 21. Rd3 Rdd7 22. Red1 Nb6 23. Rxd7 Rxd7 24. Rxd7 Nxd7 25. Kf1 Kf8 26. Ke2 Ke7 27. c4 f5 28. Nc3 Kd6 29. b4 Ne5 30. c5+ Kc6 31. f4 Ng4 32. h3 Nf6 33. Kd3 Nd5 34. Nxd5 Kxd5 35. h4 h5 36. g3 a5 37. a3 g6 38. Kc3 a4 39. Kd3 e5 40. fxe5 Kxe5 41. Kc4 g5 1/2-1/2

[Event "American Continental Blitz 18th"]
[Site "Medellin"]
[Date "2024.05.29"]
[Round "3"]
[White "Bonilla Mora, Luis Daniel"]
[Black "Oro, Faustino"]
[Result "0-1"]
[WhiteElo "1865"]
[BlackElo "2351"]
[PlyCount "110"]
[EventDate "2024.05.29"]
[EventType "swiss (blitz)"]
[EventRounds "9"]
[EventCountry "COL"]
[SourceTitle "CBM 220 Extra"]
[Source "ChessBase"]
[SourceDate "2024.07.31"]
[SourceVersion "1"]
[SourceVersionDate "2024.07.31"]
[SourceQuality "1"]

1. d4 Nf6 2. Bg5 Ne4 3. Bf4 d5 4. Nd2 Nf6 5. e3 e6 6. Ngf3 Bd6 7. Bg3 0-0 8. Bd3 c5 9. Bxd6 Qxd6 10. c3 Nbd7 11. 0-0 e5 12. dxe5 Nxe5 13. Nxe5 Qxe5 14. Nf3 Qe7 15. c4 Rd8 16. Qb3 Bg4 17. Ne1 dxc4 18. Qxc4 Be6 19. Qh4 h6 20. b3 Rac8 21. Bc4 Bxc4 22. Qxc4 Ne4 23. Nf3 Nd6 24. Qe2 c4 25. Rfd1 cxb3 26. axb3 a6 27. Rac1 Nb5 28. Rxd8+ Rxd8 29. Qc4 Rd6 30. Nd4 Nxd4 31. exd4 Rc6 32. Qf1 Rd6 33. Rc4 b5 34. Rc8+ Kh7 35. Qd3+ g6 36. Rc1 Qe6 37. Rd1 Qd5 38. h3 a5 39. Ra1 Ra6 40. Kh2 Kg7 41. Kg1 Ra7 42. Kh2 a4 43. bxa4 bxa4 44. Ra3 Qd6+ 45. Kg1 Re7 46. Ra1 a3 47. g3 a2 48. d5 Ra7 49. Qd4+ Qf6 50. Qd1 Ra6 51. Qf1 Qb2 52. Qd1 Rd6 53. Kg2 Rxd5 54. Qxd5 Qxa1 55. h4 Qb2 0-1

[Event "American Continental Blitz 18th"]
[Site "Medellin"]
[Date "2024.05.29"]
[Round "8"]
[White "Cesar Acosta, Christian Alejandro"]
[Black "Bonilla Mora, Luis Daniel"]
[Result "0-1"]
[WhiteElo "1712"]
[BlackElo "1865"]
[PlyCount "78"]
[EventDate "2024.05.29"]
[EventType "swiss (blitz)"]
[EventRounds "9"]
[EventCountry "COL"]
[SourceTitle "CBM 220 Extra"]
[Source "ChessBase"]
[SourceDate "2024.07.31"]
[SourceVersion "1"]
[SourceVersionDate "2024.07.31"]
[SourceQuality "1"]

1. d4 Nf6 2. c4 c5 3. d5 e6 4. Nc3 exd5 5. cxd5 d6 6. e4 g6 7. Bf4 a6 8. a4 Bg7 9. Nf3 0-0 10. Be2 Bg4 11. h3 Bxf3 12. Bxf3 Qe7 13. 0-0 Nbd7 14. Re1 Ne5 15. Rb1 Nfd7 16. Be2 f5 17. f3 fxe4 18. Nxe4 Rxf4 19. Qd2 Raf8 20. g3 Nxf3+ 21. Bxf3 Rxf3 22. Qe2 Bd4+ 23. Kh1 Ne5 24. Rf1 Re3 25. Qg2 Nf3 26. Nc3 Bxc3 27. bxc3 Re2 28. Qxf3 Rxf3 29. Rxf3 Qe4 30. Rbf1 Qxd5 31. Kg1 Re7 32. g4 Qc4 33. a5 Qa2 34. Rf8+ Kg7 35. Rd8 Re2 36. Rd7+ Kh6 37. g5+ Kh5 38. Rxh7+ Kxg5 39. h4+ Kg4 0-1

[Event "American Continental 18th"]
[Site "Medellin"]
[Date "2024.05.25"]
[Round "2"]
[White "Ladino Hernandez, Angel Joel"]
[Black "Bonilla Mora, Luis Daniel"]
[Result "1-0"]
[WhiteElo "1682"]
[BlackElo "1865"]
[PlyCount "91"]
[EventDate "2024.05.24"]
[EventType "swiss"]
[EventRounds "11"]
[EventCountry "COL"]
[SourceTitle "CBM 220 Extra"]
[Source "ChessBase"]
[SourceDate "2024.07.31"]
[SourceVersion "1"]
[SourceVersionDate "2024.07.31"]
[SourceQuality "1"]

1. e4 c5 2. Nf3 g6 3. c3 d5 4. exd5 Qxd5 5. Be2 Nf6 6. d4 cxd4 7. Qxd4 Nc6 8. Qxd5 Nxd5 9. 0-0 Bg7 10. Na3 0-0 11. Bc4 Nf6 12. h3 Bf5 13. Nh4 Bd7 14. f4 Rac8 15. f5 Na5 16. Bd3 a6 17. Bg5 h6 18. Bxf6 Bxf6 19. g3 g5 20. Ng2 b5 21. Rad1 Bc6 22. Nc2 Nc4 23. Bxc4 bxc4 24. Nd4 Be4 25. Ne3 Bd3 26. Rf2 Bxd4 27. cxd4 Rfd8 28. d5 Rb8 29. f6 exf6 30. Ng4 Kg7 31. Nxf6 Rd6 32. Nh5+ Kg6 33. g4 Rb5 34. Re1 Rb8 35. Re3 f5 36. Re6+ Rxe6 37. dxe6 f4 38. Rd2 Re8 39. b3 Rxe6 40. bxc4 Re1+ 41. Kf2 Rf1+ 42. Kg2 f3+ 43. Kg3 Be2 44. Rd7 Rg1+ 45. Kf2 Rg2+ 46. Ke3 1-0

[Event "CRI-chT"]
[Site "San Jose"]
[Date "2024.05.05"]
[Round "3.1"]
[White "Bonilla Mora, Luis Daniel"]
[Black "Montero Romero, Danny Jose"]
[Result "1/2-1/2"]
[WhiteElo "1865"]
[BlackElo "1722"]
[PlyCount "103"]
[EventDate "2024.04.28"]
[EventType "team-swiss"]
[EventRounds "7"]
[EventCountry "CRI"]
[SourceTitle "EXT 2025"]
[Source "ChessBase"]
[SourceDate "2024.10.14"]
[SourceVersion "1"]
[SourceVersionDate "2024.10.14"]
[SourceQuality "1"]
[WhiteTeam "Bazinga"]
[BlackTeam "Cenfotec Universidad"]
[WhiteTeamCountry "CRI"]
[BlackTeamCountry "CRI"]

1. d4 d5 2. c4 e6 3. Nc3 Nf6 4. Bg5 Be7 5. Nf3 c6 6. e3 0-0 7. Be2 b6 8. cxd5 cxd5 9. 0-0 Bb7 10. Bd3 Nbd7 11. Qe2 Ne4 12. Bxe7 Qxe7 13. Rfc1 Rfc8 14. Nb5 Qd8 15. Nd2 Nxd2 16. Qxd2 Nf6 17. Rxc8 Bxc8 18. Rc1 Bd7 19. Rc2 Bxb5 20. Bxb5 Rc8 21. Qc1 Rxc2 22. Qxc2 g6 23. Qc6 Ne4 24. f3 Nd6 25. Be2 Kf8 26. b4 Ke7 27. e4 dxe4 28. fxe4 Qc8 29. Qxc8 Nxc8 30. Kf2 Kd6 31. Ke3 e5 32. Bc4 f6 33. g4 exd4+ 34. Kxd4 Ne7 35. b5 g5 36. Bf7 h6 37. Be8 Nc8 38. Bc6 Ne7 39. Be8 Ke6 40. Bh5 Nc8 41. Be8 Nd6 42. Bc6 Nc8 43. Be8 Ke7 44. Bc6 Kd6 45. Be8 Ke7 46. Bc6 Ke6 47. Be8 Ke7 48. Bc6 Kd6 49. Be8 Ke6 50. Bc6 Nd6 51. Bd5+ Ke7 52. Bc6 1/2-1/2

[Event "CRI-chT"]
[Site "San Jose"]
[Date "2024.04.28"]
[Round "2.2"]
[White "Bermudez Vives, Sergio"]
[Black "Bonilla Mora, Luis Daniel"]
[Result "1-0"]
[WhiteElo "2090"]
[BlackElo "1865"]
[PlyCount "21"]
[EventDate "2024.04.28"]
[EventType "team-swiss"]
[EventRounds "7"]
[EventCountry "CRI"]
[SourceTitle "EXT 2025"]
[Source "ChessBase"]
[SourceDate "2024.10.14"]
[SourceVersion "1"]
[SourceVersionDate "2024.10.14"]
[SourceQuality "1"]
[WhiteTeam "Millenium"]
[BlackTeam "Bazinga"]
[WhiteTeamCountry "CRI"]
[BlackTeamCountry "CRI"]

1. e4 c5 2. Nf3 g6 3. d4 cxd4 4. Nxd4 Bg7 5. Nc3 Nc6 6. Be3 Nf6 7. Bc4 0-0 8. Bb3 a6 9. f3 Na5 10. e5 Ne8 11. Bxf7+ 1-0

[Event "CRI-chT"]
[Site "San Jose"]
[Date "2024.04.28"]
[Round "1.2"]
[White "Bonilla Mora, Luis Daniel"]
[Black "Chacon Sanabria, Carlos Josue"]
[Result "1-0"]
[WhiteElo "1865"]
[BlackElo "1609"]
[PlyCount "25"]
[EventDate "2024.04.28"]
[EventType "team-swiss"]
[EventRounds "7"]
[EventCountry "CRI"]
[SourceTitle "EXT 2025"]
[Source "ChessBase"]
[SourceDate "2024.10.14"]
[SourceVersion "1"]
[SourceVersionDate "2024.10.14"]
[SourceQuality "1"]
[WhiteTeam "Bazinga"]
[BlackTeam "Turrialba JKD"]
[WhiteTeamCountry "CRI"]
[BlackTeamCountry "CRI"]

1. d4 Nf6 2. c4 d6 3. Nc3 g6 4. e4 Bg7 5. f3 h5 6. Be3 Nbd7 7. Nh3 e5 8. Be2 Qe7 9. 0-0 Nb6 10. Nf2 exd4 11. Bxd4 c5 12. Be3 Be6 13. Nb5 1-0